[Event "Titled Tue 10th Jun Early"]
[Site "chess.com INT"]
[Date "2025.06.10"]
[Round "7"]
[White "Troltenier, Dirk"]
[Black "Zhauynbay, Alimzhan"]
[Result "1-0"]
[WhiteTitle "FM"]
[BlackTitle "CM"]
[WhiteElo "2174"]
[BlackElo "2133"]
[WhiteFideId "4606400"]
[BlackFideId "13782657"]
[EventDate "2025.06.10"]

1. e4 c5 2. Nf3 d6 3. Bb5+ Nd7 4. c3 a6 5. Ba4 Nf6 6. Qe2 e6 7. O-O b5 8. Bc2
Bb7 9. d4 Be7 10. a4 O-O 11. Nbd2 Qc7 12. Bd3 c4 13. Bc2 e5 14. Re1 Rfe8 15. d5
Bf8 16. Nf1 g6 17. h3 Bg7 18. g4 Nc5 19. Ng3 Nfd7 20. a5 Bc8 21. Nh2 Nb7 22. Kh1
Ndc5 23. Rg1 Nxa5 24. Nf5 Nab3 25. Nxg7 Kxg7 26. Rb1 Nxc1 27. Rbxc1 a5 28. Rg3
a4 29. h4 h6 30. Qe3 a3 31. bxa3 Rxa3 32. f4 b4 33. fxe5 Rxe5 34. Qd4 bxc3 35.
Nf3 f6 36. Nxe5 fxe5 37. Qf2 Qe7 38. Rf3 Bxg4 39. Rg3 Qxh4+ 40. Kg1 Qg5 41. Rf1
Qe7 42. Rxg4 Nd3 43. Qg3 Nf4 44. Rfxf4 exf4 45. Rxf4 Ra1+ 46. Kg2 Ra2 47. Rf2
Qg5 48. Qxg5 hxg5 49. Kf3 Ra8 50. Ke3 Ra1 51. Kd4 Ra3 52. Kxc4 g4 53. Kb4 Ra2
54. Kxc3 Kh6 55. Kd4 Kg5 56. e5 dxe5+ 57. Kxe5 g3 58. Rd2 Kh4 59. d6 Kh3 60.
Bf5+ gxf5 61. Rxa2 f4 62. d7 g2 63. Rxg2 Kxg2 64. Kxf4 Kh1 65. Kg3 Kg1 66. Kf3
Kf1 67. d8=Q Ke1 68. Qd7 Kf1 69. Qd1# 1-0

[Event "Titled Tue 10th Jun Early"]
[Site "chess.com INT"]
[Date "2025.06.10"]
[Round "7"]
[White "Swara Lakshmi S Nair"]
[Black "Fernandes, Rogerio Paulo Muller"]
[Result "0-1"]
[WhiteTitle "WCM"]
[WhiteElo "2187"]
[BlackElo "2241"]
[WhiteFideId "25629239"]
[BlackFideId "2101599"]
[EventDate "2025.06.10"]

1. e4 e6 2. d4 d5 3. Nd2 c5 4. exd5 Qxd5 5. Ngf3 cxd4 6. Bc4 Qd6 7. O-O Nf6 8.
Nb3 Nc6 9. Nbxd4 Nxd4 10. Nxd4 a6 11. c3 Bd7 12. Qe2 Qc7 13. Bg5 h6 14. Bh4 Bd6
15. h3 O-O-O 16. Rad1 Rhf8 17. Bxa6 bxa6 18. Qxa6+ Qb7 19. Qxd6 Qc7 20. Qa6+ Qb7
21. Qc4+ Qc7 22. Qxc7+ Kxc7 23. Rd3 e5 24. Nb3 Bb5 25. Rxd8 Rxd8 26. c4 Ba4 27.
Nc5 Bc6 28. Re1 Kb6 29. Nb3 e4 30. Bxf6 gxf6 31. Kf1 f5 32. g3 Ba4 33. Re3 Rd1+
34. Kg2 h5 35. Rc3 f6 36. Nc1 Rd2 37. b3 Bc6 38. Re3 Kc5 39. Ne2 Rxa2 40. Nf4
Be8 41. Ne6+ Kd6 42. Nd4 Ke5 43. Nb5 Bxb5 44. cxb5 Ra5 45. f4+ Kd4 46. Re1 Rxb5
47. g4 hxg4 48. hxg4 fxg4 49. Kg3 f5 50. Rd1+ Kc5 51. Rc1+ Kd4 52. Rd1+ Ke3 53.
Re1+ Kd2 54. Rb1 Kc2 55. Re1 Rxb3+ 56. Kh4 Kd2 57. Rh1 Ke3 58. Kg5 g3 59. Kxf5
g2 60. Ra1 Kf3 61. Ke5 e3 62. f5 Rb5+ 63. Ke6 Kf2 64. f6 Rb6+ 65. Ke5 e2 66. f7
Rb8 67. Rb1 Rf8 68. Kf6 g1=Q 0-1

[Event "Titled Tue 10th Jun Early"]
[Site "chess.com INT"]
[Date "2025.06.10"]
[Round "7"]
[White "Topalov, Aleksandar"]
[Black "Sanhueza, Cristian"]
[Result "0-1"]
[WhiteTitle "CM"]
[BlackTitle "FM"]
[WhiteElo "2233"]
[BlackElo "2213"]
[WhiteFideId "925659"]
[BlackFideId "116815"]
[EventDate "2025.06.10"]

1. b3 e5 2. Bb2 Nc6 3. c4 Nf6 4. e3 d5 5. cxd5 Nxd5 6. a3 Bd6 7. Qc2 O-O 8. Nf3
Re8 9. d3 Qf6 10. Nbd2 Qg6 11. g3 a5 12. Be2 Bh3 13. Rc1 Rad8 14. d4 Bf5 15. e4
exd4 16. exf5 Qh6 17. Ne4 Qh3 18. Nfg5 Qg2 19. Bf3 d3 20. Qxd3 Ndb4 21. Qe2 Nd3+
22. Qxd3 Bb4+ 23. Qc3 Bxc3+ 24. Bxc3 Rxe4+ 25. Bxe4 Re8 26. Rf1 h6 27. Kd2 Rxe4
28. Nxe4 Qxe4 29. Rce1 Qd5+ 30. Kc2 a4 31. bxa4 Qa2+ 32. Bb2 Nd4+ 33. Kc1 Nb3+
34. Kc2 Nd4+ 35. Kc3 c5 36. Rb1 Qb3+ 37. Kd2 Nf3+ 38. Ke2 Kh7 39. h4 Nd4+ 40.
Kd2 Qc2+ 41. Ke3 Qe2+ 42. Kf4 Qd2+ 43. Ke4 Qe2+ 44. Kf4 Qf3+ 45. Ke5 Nc6+ 46.
Kd6 Qd3+ 47. Kxc5 Qc2+ 48. Kb6 Qxa4 49. Kxb7 Qb5+ 50. Kc7 Na5 51. Rfc1 Qb7+ 52.
Kd6 Nb3 53. Rc7 Qa6+ 54. Kd7 Qd3+ 55. Kc8 Qxb1 56. Rxf7 Qxb2 57. f6 Qc2+ 58. Kd8
Kg6 59. Rxg7+ Kxf6 60. Rc7 Qxf2 61. Rc6+ Ke5 62. Rxh6 Qxg3 63. Rb6 Qg8+ 64. Kc7
Nd4 65. Kb7 Qf7+ 66. Ka6 Qc7 67. h5 Qc8+ 0-1

[Event "Titled Tue 10th Jun Early"]
[Site "chess.com INT"]
[Date "2025.06.10"]
[Round "7"]
[White "Ugorek, Kacper"]
[Black "Zgadzaj, Rafal"]
[Result "1-0"]
[WhiteTitle "CM"]
[BlackTitle "CM"]
[WhiteElo "2262"]
[BlackElo "2018"]
[WhiteFideId "21890676"]
[BlackFideId "1113712"]
[EventDate "2025.06.10"]

1. f4 b6 2. b3 Bb7 3. Bb2 f6 4. Nf3 e6 5. g3 d5 6. Bg2 Bd6 7. O-O Ne7 8. d3 Nd7
9. Nbd2 O-O 10. e4 e5 11. fxe5 fxe5 12. Qe2 d4 13. Nc4 Qe8 14. Nh4 Nf6 15. Nf5
Nxf5 16. Rxf5 Bc8 17. Rff1 Bg4 18. Qd2 Qe6 19. Rf2 Be7 20. a4 Nd7 21. Raf1 Rxf2
22. Rxf2 Rf8 23. Ba3 Rxf2 24. Qxf2 Bxa3 25. Nxa3 a6 26. Nc4 b5 27. axb5 axb5 28.
Nd2 Qc6 29. Nf3 Qc3 30. h3 Bxf3 31. Bxf3 Nf6 32. Kg2 h6 33. h4 c5 34. Qe2 Kf8
35. Kh3 Ke7 36. Bg4 Qa1 37. Bf5 Qh1+ 38. Qh2 Qf1+ 39. Qg2 Qxg2+ 40. Kxg2 Kd6 41.
Kf3 Ne8 42. g4 Nc7 43. g5 hxg5 44. hxg5 b4 45. Kg4 Ke7 46. Kh5 Kf7 47. Bg6+ Kf8
48. Bf5 Kf7 49. Bd7 Ke7 50. Bc6 Kf7 51. Ba4 Ne6 52. Bb5 Nf4+ 53. Kg4 Ne2 54. Kf5
Nc1 55. Bc4+ Ke7 56. Kxe5 Ne2 57. Kd5 Nf4+ 58. Kxc5 Nh3 59. g6 Nf4 60. Bf7 Ne2
61. Kxb4 Nc3 62. Kc4 Kf6 63. Kxd4 Nb5+ 64. Kc5 Na3 65. b4 Nxc2 66. b5 Ne3 67. b6 1-0

[Event "Titled Tue 10th Jun Early"]
[Site "chess.com INT"]
[Date "2025.06.10"]
[Round "7"]
[White "Van Baar, Esper"]
[Black "Matskevich, Varvara"]
[Result "1/2-1/2"]
[WhiteTitle "FM"]
[BlackTitle "WFM"]
[WhiteElo "2232"]
[BlackElo "1911"]
[WhiteFideId "1049321"]
[BlackFideId "13523465"]
[EventDate "2025.06.10"]

1. Nf3 d5 2. g3 c6 3. Bg2 Nf6 4. O-O g6 5. c4 Bg7 6. cxd5 cxd5 7. d3 O-O 8. Bf4
Nc6 9. Nc3 a6 10. Qb3 e6 11. Ne5 Nd7 12. Nxc6 bxc6 13. Rfc1 e5 14. Bd2 Rb8 15.
Qa3 Bb7 16. Na4 Re8 17. Rab1 Bf8 18. Bb4 Bg7 19. Bd6 Ra8 20. Nc5 Nxc5 21. Bxc5
Qd7 22. b4 f5 23. Qb3 e4 24. dxe4 fxe4 25. Rd1 Qf7 26. e3 Be5 27. Rd2 Kg7 28.
Bxe4 Bxg3 29. hxg3 Rxe4 30. Rd4 Rae8 31. Rxe4 Rxe4 32. Bd4+ Kg8 33. Ba1 Rc4 34.
Qb2 d4 35. exd4 Qd5 36. Qe2 c5 37. Qe8+ Kg7 38. dxc5+ Kh6 39. Qe3+ g5 40. f3 Rc2
41. Bf6 Rxa2 42. Rf1 Rd2 43. Qe7 Rg2+ 44. Kxg2 Qd2+ 45. Kh3 Bc8+ 46. g4 Bxg4+
47. Kxg4 Qxb4+ 48. Kh3 Qh4+ 49. Kg2 Kg6 50. Qg7+ Kf5 51. Qxh7+ Qxh7 52. Bd4 Qd7
53. Bf2 g4 54. fxg4+ Kxg4 55. Ra1 Qc6+ 56. Kf1 Kf3 57. Ra3+ Kf4 58. Rb3 Qa4 59.
Rb6 Qd1+ 60. Kg2 Qf3+ 61. Kf1 Qd3+ 62. Kg2 Ke4 63. c6 Qf3+ 64. Kf1 Qh1+ 65. Ke2
Qf3+ 66. Ke1 Qc3+ 67. Kf1 Qd3+ 68. Kg2 Qf3+ 69. Kf1 Qh1+ 70. Ke2 Qf3+ 71. Kf1 1/2-1/2

[Event "Titled Tue 10th Jun Early"]
[Site "chess.com INT"]
[Date "2025.06.10"]
[Round "7"]
[White "Alizadeh, Mohammad Mahdi"]
[Black "Csonka, Balazs"]
[Result "0-1"]
[WhiteTitle "CM"]
[BlackTitle "IM"]
[WhiteElo "2039"]
[BlackElo "2467"]
[WhiteFideId "22598820"]
[BlackFideId "742910"]
[EventDate "2025.06.10"]

1. Nf3 Nf6 2. g3 d5 3. Bg2 e6 4. O-O Be7 5. c4 O-O 6. b3 d4 7. e3 c5 8. exd4
cxd4 9. Re1 Nc6 10. Ne5 Nxe5 11. Rxe5 Nd7 12. Re1 e5 13. Ba3 f6 14. d3 Bxa3 15.
Nxa3 Kh8 16. b4 a5 17. Qd2 axb4 18. Qxb4 Qa5 19. Qxa5 Rxa5 20. Nb5 Nc5 21. Red1
Bf5 22. Nd6 Bxd3 23. Nxb7 Nxb7 24. Rxd3 Nc5 25. Rdd1 g5 26. Rdb1 e4 27. Rb5 Rfa8
28. Rxc5 Rxc5 29. Bxe4 Ra3 30. Bd5 d3 31. Rd1 Rc3 32. Kg2 Ra5 33. Rd2 Kg7 34.
Kf3 Rc2 35. Rxd3 Raxa2 36. c5 Rxf2+ 37. Ke4 Rae2+ 38. Kd4 Rxh2 39. c6 Re7 40.
Kc5 Rc2+ 41. Kd6 Ra7 42. g4 h5 43. Rb3 hxg4 44. Be4 Rd2+ 45. Bd5 Rc2 46. Be4
Rd2+ 47. Bd5 f5 48. Rb8 f4 49. Rg8+ Kh6 50. Rh8+ Kg6 51. Rg8+ Kh7 52. Rb8 f3 53.
Ke5 f2 54. Be4+ Kg7 55. Rb1 Re7+ 56. Kf5 g3 57. Bg2 Rc2 58. Rf1 Re1 59. Kg4 Rxf1
60. Bxf1 Rxc6 61. Kxg3 Rc2 62. Kg2 Rd2 63. Kf3 Kf6 64. Kg2 Ke5 65. Kf3 Kd4 66.
Kg2 Ke3 67. Bb5 Rd1 68. Ba6 Rg1+ 69. Kh2 g4 70. Bb7 g3+ 71. Kh3 f1=Q+ 72. Kg4
Qe2+ 73. Kh3 g2 74. Be4 Kxe4 75. Kh4 Qf2+ 0-1

[Event "Titled Tue 10th Jun Early"]
[Site "chess.com INT"]
[Date "2025.06.10"]
[Round "7"]
[White "Carlsson, Ludvig"]
[Black "Kilic, Eray"]
[Result "1-0"]
[WhiteTitle "IM"]
[BlackTitle "IM"]
[WhiteElo "2379"]
[BlackElo "2474"]
[WhiteFideId "1727010"]
[BlackFideId "44517173"]
[EventDate "2025.06.10"]

1. Nf3 Nf6 2. c4 g6 3. Nc3 Bg7 4. e4 e5 5. Nxe5 O-O 6. Nf3 Re8 7. Bd3 Nxe4 8.
Bxe4 Bxc3 9. dxc3 Rxe4+ 10. Be3 d6 11. O-O Nc6 12. Nd4 Nxd4 13. Bxd4 Qg5 14. f3
Re7 15. Qc1 Qxc1 16. Raxc1 Bf5 17. Rfe1 Rae8 18. Kf2 Bd3 19. Rxe7 Rxe7 20. Re1
Rxe1 21. Kxe1 a5 22. Bf6 a4 23. c5 dxc5 24. Be7 c4 25. a3 f5 26. Kd2 Kf7 27. Bd8
c6 28. Ke3 Ke6 29. Kd4 f4 30. Bc7 g5 31. g3 fxg3 32. Bxg3 Kf5 33. Bc7 h5 34. Bd6
Be2 35. Ke3 Bd1 36. Bc7 b5 37. Bd6 Ke6 38. Bc7 Bc2 39. Bd8 Kf5 40. Bc7 Kg6 41.
Bd6 Bf5 42. Bc7 Be6 43. Bd6 Bd5 44. Bc7 Kf5 45. Bd6 Ke6 46. Bc7 Ke7 47. Be5 c5
48. Bc7 b4 49. Bb6 bxc3 50. Bxc5+ Ke6 51. bxc3 Kf5 52. Bd6 g4 53. fxg4+ Kxg4 54.
Kd4 Bf7 55. Kc5 Kf3 56. Kb4 Ke4 57. Kxa4 Kd3 58. Kb4 Be8 59. a4 Bc6 60. a5 Bg2
61. Be5 Ke4 62. Bg7 Kd5 63. Kb5 h4 64. a6 Kd6 65. Kb6 h3 66. a7 Bd5 67. Bf8+ Kd7
68. Kc5 Ke6 69. Bh6 Ke5 70. Bf4+ Ke6 71. Bg3 Bg2 72. Kxc4 Kd7 73. Kb5 Kc8 74.
Kb6 Bb7 75. c4 Ba8 76. c5 Kd7 77. Bf4 Bc6 78. Ka5 Ba8 79. Kb5 Bc6+ 80. Kb6 Ba8
81. Bd2 Bc6 82. Ba5 Ba8 83. Kb5 Bc6+ 84. Kc4 Ba8 85. Kd4 Kc8 86. Ke5 Kb7 87. Bb6
Kc6 88. Kf4 Kd7 89. Kg3 Bg2 90. a8=Q Bxa8 91. Kxh3 Ke6 92. Kg4 Kf6 93. h4 Bc6
94. h5 Ba4 95. Bd8+ Ke6 96. Kg5 Kd5 97. Be7 Ke6 98. Bf8 Kf7 99. Bd6 Ke6 100. Bg3
Kd5 101. Bf2 Ke6 102. Kg6 Ke7 103. Kg7 1-0

[Event "Titled Tue 10th Jun Early"]
[Site "chess.com INT"]
[Date "2025.06.10"]
[Round "7"]
[White "Moosavifar, Seyed Abolfazl"]
[Black "Molina, Roberto Junio Brito"]
[Result "1-0"]
[WhiteTitle "FM"]
[BlackTitle "IM"]
[WhiteElo "2303"]
[BlackElo "2381"]
[WhiteFideId "42548195"]
[BlackFideId "2109450"]
[EventDate "2025.06.10"]

1. e4 c6 2. d4 d5 3. e5 Bf5 4. Bd3 Bxd3 5. Qxd3 e6 6. Nf3 c5 7. dxc5 Qa5+ 8. c3
Qxc5 9. b4 Qc7 10. O-O Ne7 11. Bb2 Nbc6 12. Re1 Ng6 13. Qe3 Be7 14. Nbd2 O-O 15.
a3 Rfd8 16. Rac1 Rac8 17. c4 dxc4 18. Nxc4 Qd7 19. b5 Nb8 20. Qxa7 Qxb5 21. a4
Qa6 22. Qxa6 Nxa6 23. Nd6 Rb8 24. Red1 Nb4 25. Nc4 Nd5 26. Bd4 b5 27. axb5 Rxb5
28. Nd6 Rbb8 29. Ne4 h6 30. g3 Rb3 31. Nfd2 Rb5 32. f4 Rdb8 33. Bf2 Rb2 34. Nf3
R8b3 35. Rd2 Rb1 36. Rxb1 Rxb1+ 37. Kg2 Rb3 38. Ne1 Bb4 39. Rc2 Bxe1 40. Rc8+
Kh7 41. Bxe1 Re3 42. Nd6 Rxe1 43. Nxf7 Re2+ 44. Kf3 Rxh2 45. Rd8 Ra2 46. f5 Ra3+
47. Kf2 exf5 48. Rxd5 Ra7 49. Nd6 Re7 50. Nc4 Re6 51. Rd6 Nf8 52. Rd8 Ng6 53.
Rd5 Kg8 54. Ke3 Ra6 55. Kd4 h5 56. Rd8+ Kh7 57. Nd6 f4 58. gxf4 Nxf4 59. Re8 h4
60. Ke4 Ng6 61. Nf7 Ra4+ 62. Kf5 Ra1 63. Ng5+ Kh6 64. Nf7+ Kh5 65. Rb8 Rf1+ 66.
Ke6 h3 67. Rb3 h2 68. Rh3+ Kg4 69. Rxh2 Nf4+ 70. Ke7 Nd5+ 71. Ke8 Nf4 72. Rd2 g5
73. Rd6 Ra1 74. Ke7 Re1 75. Kf6 1-0

[Event "Titled Tue 10th Jun Early"]
[Site "chess.com INT"]
[Date "2025.06.10"]
[Round "7"]
[White "Karpenko, Anton"]
[Black "Masague Artero, Guerau"]
[Result "0-1"]
[WhiteTitle "CM"]
[BlackTitle "FM"]
[WhiteElo "2219"]
[BlackElo "2326"]
[WhiteFideId "34374353"]
[BlackFideId "32098952"]
[EventDate "2025.06.10"]

1. e4 g6 2. d4 Bg7 3. Nf3 d6 4. Be2 Nf6 5. Nc3 O-O 6. O-O Nc6 7. d5 Nb8 8. Be3
c6 9. Re1 b5 10. dxc6 b4 11. Nd5 Nxc6 12. Nd4 Bb7 13. Nxc6 Bxc6 14. Bd4 Bxd5 15.
exd5 Qd7 16. a4 a6 17. a5 Qb7 18. Bc4 Rfe8 19. Bb3 Rec8 20. Qd2 Bf8 21. Bxf6
exf6 22. Ba4 Rab8 23. Bc6 Qa7 24. Qe3 Qc7 25. b3 h5 26. Ra4 f5 27. Qd3 Qa7 28.
Qc4 Qc5 29. Qd3 Rc7 30. Re2 Bg7 31. Qxa6 Qd4 32. Qd3 Qb2 33. Qd1 Ra7 34. a6 h4
35. h3 Bd4 36. Bb7 Qc3 37. Ra5 Bc5 38. Qd3 Qf6 39. Re1 Qd8 40. Raa1 Qb6 41. Rad1
Bxf2+ 42. Kf1 Bxe1 43. Rxe1 Raxb7 44. axb7 Qxb7 45. Qd4 Qb5+ 46. Kg1 Qd7 47.
Qxh4 Qa7+ 48. Kh2 Rc8 49. Qg3 Qc5 50. Qd3 Qxc2 51. Re8+ Kh7 52. Qxc2 Rxc2 53.
Rb8 Rd2 54. Rxb4 Rxd5 55. Rb7 Kg7 56. b4 f4 57. Kg1 Rd2 58. Rd7 Kf6 59. b5 Ke6
60. Rd8 Rb2 61. Re8+ Kf5 62. Rd8 Ke5 63. Re8+ Kd5 64. Rf8 Ke6 65. Re8+ Kf6 66.
Rd8 Ke7 67. Rb8 g5 68. b6 Kf6 69. Rd8 Rxb6 70. Rd7 Ke6 71. Rd8 Rb2 72. Re8+ Kf5
73. Rf8 f6 74. Rd8 Rd2 75. Kf1 d5 76. Rd7 Ke6 77. Rd6+ Kxd6 0-1

[Event "Titled Tue 10th Jun Early"]
[Site "chess.com INT"]
[Date "2025.06.10"]
[Round "7"]
[White "Gibala, Adam"]
[Black "Brenke, Andreas"]
[Result "1/2-1/2"]
[WhiteTitle "CM"]
[BlackTitle "FM"]
[WhiteElo "2245"]
[BlackElo "2349"]
[WhiteFideId "21070288"]
[BlackFideId "4602900"]
[EventDate "2025.06.10"]

1. d4 d5 2. Nc3 Nf6 3. Bf4 c5 4. e4 Nxe4 5. Nxe4 dxe4 6. dxc5 Nd7 7. Qd4 e5 8.
Qxe4 Bxc5 9. Be3 O-O 10. O-O-O Bxe3+ 11. Qxe3 Qa5 12. Kb1 Nf6 13. Nf3 Be6 14. a3
Ng4 15. Qe2 Rfd8 16. Rc1 e4 17. Ne1 Qd5 18. c4 Qd2 19. Rc2 Qd1+ 20. Ka2 b5 21.
h3 Bxc4+ 22. Rxc4 bxc4 23. hxg4 Qd5 24. Qxc4 Qe5 25. Qc3 Qe6+ 26. Bc4 Qxg4 27.
Bb3 Rac8 28. Qh3 Qg6 29. Nc2 h6 30. Ne3 a5 31. Qg4 Qf6 32. Qf5 Qxf5 33. Nxf5 Rd2
34. Rf1 Kf8 35. f3 Rb8 36. fxe4 a4 37. Bxa4 Rbxb2+ 38. Ka1 Ra2+ 39. Kb1 Rab2+
40. Kc1 Rxg2 41. Nd6 Ke7 42. e5 Ra2 43. Rxf7+ Ke6 44. Bb3+ Kxe5 45. Bxa2 Kxd6
46. Bb3 h5 47. Rf8 Rg3 48. Rh8 Rxb3 49. Rxh5 Rxa3 50. Kd2 Rg3 51. Ke2 Ke6 52.
Kf2 Rg6 53. Ra5 Rf6+ 54. Kg3 Kf7 55. Kg4 Kg6 56. Rg5+ Kf7 57. Ra5 Rd6 58. Kg5
Rd7 59. Ra6 Rc7 60. Kf5 Rc5+ 61. Kg4 Rc7 62. Kg5 Rb7 63. Kf5 Rb5+ 64. Kg4 g6 65.
Kf4 Kg7 66. Kg4 Kh6 67. Ra3 Rb4+ 68. Kg3 Kh5 69. Kh3 g5 70. Kg3 Rc4 71. Kh3 Re4
72. Kg3 Kg6 73. Ra6+ Kh5 74. Ra3 Rg4+ 75. Kh3 Rf4 76. Kg3 Rb4 77. Kh3 Kg6 78.
Kg3 Rc4 79. Ra6+ Kh5 80. Ra3 Rb4 81. Kh3 g4+ 82. Kg3 Rb5 83. Ra8 Rb3+ 84. Kg2
Rb5 85. Rh8+ Kg5 86. Rg8+ Kf4 87. Rf8+ Rf5 88. Rxf5+ Kxf5 89. Kg3 Kg5 90. Kg2
Kf4 91. Kf2 g3+ 92. Kg2 Kg4 93. Kg1 Kf4 94. Kg2 Kg4 95. Kg1 Kh3 96. Kh1 g2+ 97.
Kg1 Kg3 1/2-1/2

[Event "Titled Tue 10th Jun Early"]
[Site "chess.com INT"]
[Date "2025.06.10"]
[Round "7"]
[White "Manvelyan, Mikayel"]
[Black "Zhigalko, Sergei"]
[Result "1/2-1/2"]
[WhiteTitle "FM"]
[BlackTitle "GM"]
[WhiteElo "2362"]
[BlackElo "2572"]
[WhiteFideId "13310143"]
[BlackFideId "13502956"]
[EventDate "2025.06.10"]

1. e4 c5 2. Nf3 Nc6 3. d4 cxd4 4. Nxd4 Nf6 5. Nc3 e5 6. Ndb5 d6 7. Nd5 Nxd5 8.
exd5 Nb8 9. c4 Be7 10. Be2 O-O 11. O-O a6 12. Nc3 Nd7 13. Be3 f5 14. f3 Bg5 15.
Bf2 Qf6 16. b4 b6 17. Na4 Rb8 18. c5 bxc5 19. bxc5 Nxc5 20. Nxc5 dxc5 21. Bxc5
Rd8 22. d6 Kh8 23. Rb1 Be6 24. Rxb8 Rxb8 25. Bxa6 Bxa2 26. Qa4 Be6 27. Rd1 h6
28. d7 e4 29. Qc6 Bxd7 30. Qxf6 Bxf6 31. Rxd7 exf3 32. gxf3 Rb1+ 33. Bf1 Rb2 34.
Bd3 g6 35. Bd4 Bxd4+ 36. Rxd4 Kg7 37. f4 h5 38. Bf1 Kf6 39. Rd6+ Kg7 40. Rd4 Ra2
41. Rc4 Rb2 42. Bg2 Kh6 43. Rc6 Ra2 44. h4 Ra4 45. Kh2 Rxf4 46. Kg3 Rg4+ 47. Kh3
Kg7 48. Bd5 Rd4 49. Rc7+ Kf6 50. Bf3 Rd3 51. Kg3 Rd6 52. Kf4 Rd4+ 53. Kg3 Rd6
54. Rc5 Re6 55. Bd5 Rd6 56. Kf4 Rb6 57. Bc4 Rd6 58. Rc7 Rd4+ 59. Kg3 Rg4+ 60.
Kh3 Re4 61. Rc6+ Kg7 62. Bd5 Rd4 63. Bf3 Rd3 64. Kg3 Rd4 65. Rb6 Rd3 66. Kf4 Kh6
67. Bc6 Rd4+ 68. Ke5 Rxh4 69. Be8 Re4+ 70. Kf6 Rxe8 71. Kf7 Rc8 72. Rxg6+ Kh7
73. Rg5 Rc7+ 74. Kf6 Kh6 75. Rg6+ Kh7 76. Rg5 Rc6+ 77. Kxf5 Kh6 78. Rg8 Rc5+ 79.
Kf4 Kh7 80. Rg5 Rc4+ 81. Kg3 Kh6 82. Ra5 Rc1 83. Kh4 Rc4+ 84. Kg3 Rc6 85. Kh3
Rd6 86. Kg3 Rg6+ 87. Kh3 Rg5 88. Rxg5 Kxg5 89. Kg3 h4+ 90. Kh3 Kh5 91. Kg2 Kg4
92. Kh2 h3 93. Kg1 Kg3 94. Kh1 h2 1/2-1/2

[Event "Titled Tue 10th Jun Early"]
[Site "chess.com INT"]
[Date "2025.06.10"]
[Round "8"]
[White "Rustamov, Rustam"]
[Black "Rozman, Levy"]
[Result "1-0"]
[WhiteTitle "FM"]
[BlackTitle "IM"]
[WhiteElo "2334"]
[BlackElo "2324"]
[WhiteFideId "13440110"]
[BlackFideId "2039877"]
[EventDate "2025.06.10"]

1. e4 c6 2. Nf3 d5 3. Nc3 a6 4. d4 Bg4 5. Be2 Bxf3 6. Bxf3 e6 7. O-O g6 8. Re1
Bg7 9. exd5 cxd5 10. Nxd5 Nc6 11. c3 1-0

[Event "Titled Tue 10th Jun Early"]
[Site "chess.com INT"]
[Date "2025.06.10"]
[Round "8"]
[White "Moro Saidon, Gonzalo"]
[Black "Sitnic, Adnan"]
[Result "0-1"]
[BlackTitle "CM"]
[WhiteElo "2114"]
[BlackElo "2058"]
[WhiteFideId "140082"]
[BlackFideId "14403854"]
[EventDate "2025.06.10"]

1. Nf3 f5 2. g3 Nf6 3. Bg2 g6 4. O-O Bg7 5. d4 d6 6. c4 O-O 7. Nc3 c6 8. d5 Qe8
9. Qc2 Na6 10. b3 Nc7 11. Rd1 cxd5 12. cxd5 Bd7 13. Bb2 Rc8 14. Rac1 Ncxd5 15.
Nd4 Nxc3 16. Bxc3 e5 17. Nb5 Bxb5 0-1

[Event "Titled Tue 10th Jun Early"]
[Site "chess.com INT"]
[Date "2025.06.10"]
[Round "8"]
[White "Azizoglu, Ferzan"]
[Black "Yanev, Tihomir"]
[Result "0-1"]
[BlackTitle "IM"]
[WhiteElo "2055"]
[BlackElo "2354"]
[WhiteFideId "6302726"]
[BlackFideId "2910110"]
[EventDate "2025.06.10"]

1. d4 e6 2. c4 f5 3. Nf3 Nf6 4. g3 Be7 5. Bg2 O-O 6. O-O d6 7. Nc3 Nc6 8. Re1 e5
9. dxe5 dxe5 10. Qxd8 Bxd8 11. Nd5 e4 12. Nxf6+ Bxf6 13. Ng5 h6 14. Nh3 Be6 15.
f3 Nd4 0-1

[Event "Titled Tue 10th Jun Early"]
[Site "chess.com INT"]
[Date "2025.06.10"]
[Round "8"]
[White "FAWOLE, John Oyeyemi"]
[Black "Winkels, Marcel"]
[Result "0-1"]
[WhiteTitle "FM"]
[BlackTitle "CM"]
[WhiteElo "1987"]
[BlackElo "1905"]
[WhiteFideId "8501319"]
[BlackFideId "1003887"]
[EventDate "2025.06.10"]

1. e4 c5 2. Nf3 d6 3. d4 cxd4 4. Nxd4 Nf6 5. Nc3 a6 6. Be2 e5 7. Nb3 Be7 8. O-O
Be6 9. f4 O-O 10. f5 Bd7 11. Bg5 Bc6 12. Bxf6 Bxf6 13. Bc4 Qc7 14. Kh1 Nd7 15.
Bd5 Nb6 16. Na5 Nxd5 17. Nxc6 Nxc3 0-1

[Event "Titled Tue 10th Jun Early"]
[Site "chess.com INT"]
[Date "2025.06.10"]
[Round "8"]
[White "Ruperez Benito, Antonio"]
[Black "Kotyk, Michael"]
[Result "0-1"]
[WhiteTitle "FM"]
[BlackTitle "CM"]
[WhiteElo "2328"]
[BlackElo "2241"]
[WhiteFideId "22245049"]
[BlackFideId "16214501"]
[EventDate "2025.06.10"]

1. e4 e5 2. Nf3 Nc6 3. Bc4 Nf6 4. d3 d5 5. O-O dxc4 6. dxc4 Qxd1 7. Rxd1 Nxe4 8.
Re1 Nd6 9. Nxe5 Nxe5 10. Rxe5+ Be6 11. b3 O-O-O 12. Nc3 g6 13. Bg5 Bg7 14. Re3
Rde8 15. Rae1 Nf5 16. Rd3 Bxc4 17. Rxe8+ Rxe8 18. Rd1 Bxb3 0-1

[Event "Titled Tue 10th Jun Early"]
[Site "chess.com INT"]
[Date "2025.06.10"]
[Round "8"]
[White "Ozkan, Taha"]
[Black "Berikkyzy Alanna"]
[Result "1-0"]
[WhiteTitle "FM"]
[BlackTitle "WFM"]
[WhiteElo "2247"]
[BlackElo "2080"]
[WhiteFideId "34577173"]
[BlackFideId "13780719"]
[EventDate "2025.06.10"]

1. d4 c5 2. d5 e5 3. e4 d6 4. Nc3 g6 5. Nf3 Bg7 6. Be3 Ne7 7. Qd2 h5 8. h3 f5 9.
exf5 gxf5 10. Bg5 f4 11. Bd3 O-O 12. O-O-O a6 13. Be4 b5 14. g3 Ra7 15. gxf4 b4
16. Ne2 Qa5 17. Kb1 c4 18. Rdg1 Kh8 19. fxe5 c3 20. Qe3 Rb7 21. Bf6 Nf5 22. Bxf5
Bxf5 23. Qh6+ 1-0

[Event "Titled Tue 10th Jun Early"]
[Site "chess.com INT"]
[Date "2025.06.10"]
[Round "8"]
[White "Ejsymont, Blanka"]
[Black "Bolashakov, Nurali"]
[Result "0-1"]
[WhiteTitle "WCM"]
[BlackTitle "CM"]
[WhiteElo "1984"]
[BlackElo "2242"]
[WhiteFideId "21088268"]
[BlackFideId "13792105"]
[EventDate "2025.06.10"]

1. e4 c5 2. Nf3 d6 3. d3 g6 4. g3 Bg7 5. Bg2 Nc6 6. O-O e6 7. Re1 Nge7 8. Bf4
Bxb2 9. e5 Bxa1 10. exd6 Nd5 11. Ng5 Nxf4 12. gxf4 Qxd6 13. Ne4 Qxf4 14. c3 O-O
15. Re3 f5 16. Nxc5 Rb8 17. Nxe6 Bxe6 18. Rxe6 Rfe8 19. Bd5 Rxe6 20. Bxe6+ Kg7
21. d4 Qg4+ 22. Qxg4 fxg4 23. d5 Ne5 24. d6 Rd8 25. c4 Rxd6 26. Kg2 Rxe6 0-1

[Event "Titled Tue 10th Jun Early"]
[Site "chess.com INT"]
[Date "2025.06.10"]
[Round "8"]
[White "Yildiz, Egehan"]
[Black "Vlassov, Nikolai"]
[Result "0-1"]
[WhiteTitle "FM"]
[BlackTitle "IM"]
[WhiteElo "2198"]
[BlackElo "2291"]
[WhiteFideId "44518072"]
[BlackFideId "4103360"]
[EventDate "2025.06.10"]

1. d4 Nf6 2. c4 Nc6 3. Nf3 e6 4. g3 Bb4+ 5. Nbd2 a5 6. Bg2 d6 7. O-O e5 8. a3
Bxd2 9. Qxd2 Bg4 10. b3 Bxf3 11. Bxf3 Nxd4 12. Be4 Nxe4 0-1